Areumda-un hanguko (Record no. 1099777)

MARC details
000 -LEADER
fixed length control field 00823nam a2200289Ia 4500
003 - CONTROL NUMBER IDENTIFIER
control field OSt
005 - DATE AND TIME OF LATEST TRANSACTION
control field 20221006153227.0
008 - FIXED-LENGTH DATA ELEMENTS--GENERAL INFORMATION
fixed length control field 221006b |||||||| |||| 00| 0 kor d
037 ## - SOURCE OF ACQUISITION
Terms of availability Textual
040 ## - CATALOGING SOURCE
Original cataloging agency EASL
Transcribing agency EASL
Language of cataloging kor
041 ## - LANGUAGE CODE
Source of code kor
Language code of text/sound track or separate title kor
100 ## - MAIN ENTRY--PERSONAL NAME
Personal name LEE Joo-Heng Au.
9 (RLIN) 663006
245 #0 - TITLE STATEMENT
Title Areumda-un hanguko
260 ## - PUBLICATION, DISTRIBUTION, ETC.
Place of publication, distribution, etc. Korea
Name of publisher, distributor, etc. Jigumun Hwasa
Date of publication, distribution, etc. 2005
300 ## - PHYSICAL DESCRIPTION
Extent 834p.
Dimensions cm.
490 ## - SERIES STATEMENT
Volume/sequential designation KL
650 ## - SUBJECT ADDED ENTRY--TOPICAL TERM
Topical term or geographic name entry element KL
650 ## - SUBJECT ADDED ENTRY--TOPICAL TERM
Topical term or geographic name entry element Guide for entrance test
9 (RLIN) 663007
700 ## - ADDED ENTRY--PERSONAL NAME
Personal name KIM Sang-Joon Au.
9 (RLIN) 663008
942 ## - ADDED ENTRY ELEMENTS (KOHA)
Classification part T4:4,5.495, 495P5
Koha item type Textual
Source of classification or shelving scheme Colon Classification (CC)
Holdings
Withdrawn status Lost status Source of classification or shelving scheme Damaged status Not for loan Home library Current library Date acquired Source of acquisition Serial Enumeration / chronology Total Checkouts Full call number Barcode Date last seen Price effective from Koha item type
    Colon Classification (CC)     Department of East Asian Studies Library Department of East Asian Studies Library 2022-10-06 Gift, Korean Embassy KL   T4:4,5.495 495P5 EA1232526 2022-10-06 2022-10-06 Textual
Copyright @ Delhi University Library System